Normal view
MARC view
- Tarar, Mustansir Husain.
Entry Personal Name
001 - CONTROL NUMBER
- control field: 369
003 - CONTROL NUMBER IDENTIFIER
- control field: NUST
005 - DATE AND TIME OF LATEST TRANSACTION
- control field: 20170510181313.0
008 - FIXED-LENGTH DATA ELEMENTS
- fixed length control field: 170510|| aca||aabn | a|a d
040 ## - CATALOGING SOURCE
- Original cataloging agency: NUST
- Transcribing agency: NUST
100 ## - HEADING--PERSONAL NAME
- Personal name: Tarar, Mustansir Husain.
670 ## - SOURCE DATA FOUND
- Source citation: Work cat.: (NUST)5119: Tarar, Mustansir Husain., Raakh , 1997.
